banner-ar

SOUTH AMERICA, CENTRAL AMERICA AND THE CARIBBEAN 1997 / (Record no. 26497)

MARC details
000 -الفاتح
حقل البيانات ثابتة الطول 00606nam a2200205Ia 4500
008 - عناصر البيانات ثابتة الطول - معلومات عامة
حقل البيانات ثابتة الطول 140319s9999 xx 000 0 eng d
040 ## - مصدر الفهرسة
وكالة الفهرسة الأصلية GCL /
وكالة النسخ GCL
082 04 - رقم تصنيف ديوى العشرى
رقم التصنيف REF
رقم المادة 980
-- E S
100 1# - المدخل الرئيسى - إسم شخصى
الإسم الشخصى EUROPA PUBLICATIONS LIMITED
245 10 - بيان العنوان
العنوان SOUTH AMERICA, CENTRAL AMERICA AND THE CARIBBEAN 1997 /
بيان المسئوليه,etc EUROPA PUBLICATIONS LIMITED
260 ## - PUBLICATION, DISTRIBUTION, ETC. (IMPRINT)
تاريخ النشر أو التوزيع 1997
300 ## - الوصف المادى
التعداد 32 CM ؛
أبعاد الوعاء 774 P
650 04 - المدخل الاضافى بالموضوع-مصطلح موضوعى
مصطلح موضوعي DIRECTORIES
650 04 - المدخل الاضافى بالموضوع-مصطلح موضوعى
مصطلح موضوعي MEXICO
650 04 - المدخل الاضافى بالموضوع-مصطلح موضوعى
مصطلح موضوعي SOUTH AMERICA
650 04 - المدخل الاضافى بالموضوع-مصطلح موضوعى
مصطلح موضوعي CENTRAL AMERICA
650 04 - المدخل الاضافى بالموضوع-مصطلح موضوعى
مصطلح موضوعي CARIBBEAN AREA - GEOGRAPHY
942 ## - عناصر المدخل الإضافي( كوها)
مصدر التصنيف او مخطط الترفيف Dewey Decimal Classification
Koha [default] item type المراجع
260 ## - PUBLICATION, DISTRIBUTION, ETC. (IMPRINT)
-- [S.N] :
-- EUROPA PUBLICATIONS LIMITED ،
Holdings
حالة التراجع حالة الفقد حالة تلف ليس للاعارة المكان المؤقت الموقع الحالى تاريخ الاكتساب اجمالي اﻻعارات رقم الطلب الباركود تاريخ اخر مشاهدة تاريخ تفعيل السعر نوع وعاء كوها
        مكتبة القاهرة الكبرى مكتبة القاهرة الكبرى 03/26/2014   REF\980\E S 56739 03/26/2014 03/26/2014 المراجع
        مكتبة القاهرة الكبرى مكتبة القاهرة الكبرى 03/26/2014   REF\980\E S 56740 03/26/2014 03/26/2014 المراجع

Powered By

EGPV